NBA: Most Points (2021-2022 Season) - Statistics

General Stats
  • This quiz has been taken 1,870 times
    1,555 since last reset
  • The average score is 28 of 50
Answer Stats
# Player Points % Correct
11 LeBron James 1,695
98%
14 Stephen Curry 1,630
94%
5 Nikola Jokić 2,004
93%
3 Joel Embiid 2,079
91%
7 Luka Dončić 1,847
91%
6 Giannis Antetokounmpo 2,002
90%
1 Trae Young 2,155
90%
12 Kevin Durant 1,643
89%
25 James Harden 1,432
88%
4 Jayson Tatum 2,046
84%
17 Jaylen Brown 1,559
78%
8 Devin Booker 1,822
77%
23 Russell Westbrook 1,441
73%
16 Ja Morant 1,564
70%
2 DeMar DeRozan 2,118
69%
10 Donovan Mitchell 1,733
68%
9 Karl-Anthony Towns 1,818
67%
24 Dejounte Murray 1,438
66%
19 Anthony Edwards 1,533
63%
T32 De'Aaron Fox 1,367
63%
20 LaMelo Ball 1,508
63%
13 Zach LaVine 1,635
63%
34 Khris Middleton 1,325
62%
30 Shai Gilgeous-Alexander 1,371
61%
22 Julius Randle 1,447
54%
21 Darius Garland 1,473
52%
18 Pascal Siakam 1,551
52%
31 CJ McCollum 1,370
50%
49 Andrew Wiggins 1,256
48%
43 Jaren Jackson Jr. 1,272
48%
27 Jordan Poole 1,405
46%
T32 Tyler Herro 1,367
46%
40 Jalen Brunson 1,285
45%
15 Miles Bridges 1,613
45%
47 Reggie Jackson 1,263
45%
36 Fred VanVleet 1,320
44%
39 Nikola Vučević 1,288
43%
38 Tyrese Maxey 1,311
41%
48 Tobias Harris 1,257
39%
29 Desmond Bane 1,384
38%
T45 Harrison Barnes 1,265
37%
42 Keldon Johnson 1,278
34%
T45 Buddy Hield 1,265
32%
28 RJ Barrett 1,402
31%
50 Bojan Bogdanović 1,248
26%
37 Jonas Valančiūnas 1,314
23%
26 Terry Rozier 1,408
23%
44 Jordan Clarkson 1,266
21%
35 Saddiq Bey 1,321
13%
41 Gary Trent Jr. 1,283
12%
No matching quizzes found
Score Distribution
Percent of People with Each Score
Percentile by Number Answered
Your Score History
You have not taken this quiz since the last reset